00269nam a2200109 a 4500008004100000050002000041100001800061245002500079260003600104300001000140350000900150120416s1966 ||||||||||||||||| || u aPR 6015.U25 Hug aHughes, Owain14aThe beholding runner aLondonbChatto and Windusc1966 a185p. a0.00